Elenca la formazione - Quiz n°251 - Statistics

Statistiche generali
  • Questo quiz è stato fatto 28 volte
  • Il punteggio medio è 7 su 11
Statistiche sulle risposte
Ruolo Club dell'epoca Calciatore % Corretto
Attaccante Real Madrid Gonzalo Higuaín
91%
Ala Barcellona Lionel Messi
91%
Trequartista Real Madrid Ángel Di María
86%
Difensore Inter Javier Zanetti
82%
Centrocampista Barcellona Javier Mascherano
77%
Difensore Manchester City Pablo Zabaleta
55%
Portiere AZ Alkmaar Sergio Romero
50%
Ala Atletico Madrid Sergio Agüero
36%
Centrocampista Real Madrid Fernando Gago
32%
Difensore Barcellona Gabriel Milito
27%
Difensore Roma Nicolás Burdisso
27%
Nessun quiz corrispondente trovato
Distribuzione punteggi
Percentuale di utenti per punteggio
Percentile per numero di risposta
I tuoi punteggi nel tempo
Non hai fatto questo quiz